000 00306pab a2200133 454500
008 180718b1991 xxu||||| |||| 00| 0 eng d
245 _aReview of women studies
260 _c1991
300 _aWS50-99
362 _a26 Oct.
650 _aWomen
773 _aEconomic and Political Weekly
909 _a21204
999 _c21204
_d21204